Random Logo's #3 - Statistics

General Stats
  • This quiz has been taken 411 times
  • The average score is 9 of 15
Answer Stats
Picture Answer % Correct
Wikipedia
96%
McDonalds
89%
BMW
88%
Candy Crush
84%
Gatorade
84%
Mr Clean
79%
The Incredibles
76%
American Airlines
69%
York
52%
Tennessee Titans
49%
Atlanta Hawks
47%
New York Mets
42%
Duke
38%
Indiana
29%
Columbus Blue Jackets
26%
No matching quizzes found
Score Distribution
Percent of People with Each Score
Percentile by Number Answered
Your Score History
You have not taken this quiz